00733nam a2200145 i 450000100060000000300090000600500170001500700030003200800410003510000470007624503620012326000550048530000210054085200260056194211ES-MaACL20240511063026.0t|050706s1912 sp ||||1| spa d1 aMoliner y Nicolás, Francisco,d1851-191510aMemoria en defensa del mensaje que las sociedades obreras de las Casas del Pueblo de Valencia y poblados marítimos elevaron a dicho Congreso, solicitando su valioso voto a favor de un empréstito o crédito extraordinario de 100 millones de pesetas para Cultura y Sanidad / cleída por... D. Francisco Moliner en la sesión del 16 de septiembre 1912. aValencia : b[s.n.], c1912 (fEst. Tip. Domenech) a64 p. ; c26 cm. aES-MaACLjT-1326-F-10